[Event "Challenge 01"]
[Site "http://www.queenalice.com/game.php?id=1353134"]
[Date "2015.4.12"]
[Round "-"]
[White "carlosrk"]
[Black "LAIRE"]
[Result "1-0"]
[WhiteElo "2196"]
[BlackElo "2275"]

1. d4 e6 2. c4 Nf6 3. Nc3 d5 4. Nf3 c6 5. cxd5 exd5 6. Bf4 Nh5 7. Bxb8 Rxb8 8.
e3 Bd6 9. Bd3 Nf6 10. h3 Be6 11. O-O O-O 12. Ng5 h6 13. Nxe6 fxe6 14. Bg6 e5 15.
dxe5 Bxe5 16. f4 Bc7 17. Qd3 Nd7 18. Rac1 Rf6 19. Bh7+ Kh8 20. Bf5 Nc5 21. Qb1
Qf8 22. g4 Bb6 23. Kh2 Re8 24. Rfe1 h5 25. b4 Ne6 26. a3 Qd6 27. g5 Rff8 28. Kh1
d4 29. Ne4 Qd5 30. Bg6 dxe3 31. Rcd1 Nd4 32. Rxe3 1-0

[Event "Challenge 02"]
[Site "http://www.queenalice.com/game.php?id=1353135"]
[Date "2015.4.12"]
[Round "-"]
[White "LAIRE"]
[Black "carlosrk"]
[Result "0-1"]
[WhiteElo "2221"]
[BlackElo "2210"]

1. d4 d5 2. c4 dxc4 3. Nf3 c6 4. e3 Bg4 5. Bxc4 e6 6. Qb3 b5 7. Be2 Nf6 8. Nc3
Bxf3 9. Bxf3 Nd5 10. O-O Bd6 11. Ne4 Bc7 12. Bd2 O-O 13. Rac1 a5 14. a3 a4 15.
Qc2 Re8 16. Nc5 Na6 17. g3 Nxc5 18. Qxc5 Ra6 19. Qc2 Ba5 20. Bxa5 Qxa5 21. Qd3
g6 22. Rc5 Rb6 23. Rfc1 Rc8 24. Bxd5 exd5 25. Rxd5 cxd5 26. Rxc8+ Kg7 27. Rc5
Qe1+ 28. Kg2 Rf6 29. Qf1 Qd2 30. Rxb5 Qc2 31. Kg1 Qe4 32. Qe2 h5 33. h4 Rf3 34.
Rc5 g5 35. Qc2 Qg4 36. hxg5 h4 0-1

[Event "AUTO-MASTER-2243"]
[Site "http://www.queenalice.com/game.php?id=1354641"]
[Date "2015.4.20"]
[Round "2"]
[White "serrato987"]
[Black "carlosrk"]
[Result "0-1"]
[WhiteElo "2124"]
[BlackElo "2226"]

1. d4 d5 2. g3 Nf6 3. Nf3 Nc6 4. Bg2 Bf5 5. Nc3 e6 6. a3 h6 7. O-O Bd6 8. Re1
O-O 9. e3 a6 10. Nd2 Bg4 11. f3 Bh5 12. e4 Nxd4 13. e5 Nxc2 14. Qxc2 Bc5+ 15.
Kh1 Bg6 16. Qd1 Nd7 17. Nb3 Bb6 18. Be3 Bxe3 19. Rxe3 c5 20. Re1 c4 21. Nd4 Nc5
22. Bf1 Qb6 23. Qc1 Nd3 24. Bxd3 cxd3 25. Qe3 Rac8 26. Na4 Qa7 27. Rac1 Rc4 28.
Rxc4 dxc4 29. Nc3 Rd8 30. Nf5 Qxe3 31. Nxe3 b5 0-1

[Event "AUTO-MASTER-2243"]
[Site "http://www.queenalice.com/game.php?id=1354642"]
[Date "2015.4.20"]
[Round "2"]
[White "carlosrk"]
[Black "serrato987"]
[Result "1-0"]
[WhiteElo "2235"]
[BlackElo "2115"]

1. c3 c5 2. d4 Nf6 3. Nf3 d5 4. dxc5 Qc7 5. b4 e5 6. Nbd2 Bf5 7. e3 Be7 8. Bb2
Nbd7 9. Bb5 O-O 10. c4 e4 11. Nd4 Be6 12. Nxe6 fxe6 13. cxd5 exd5 14. Rc1 Ne5
15. Nb3 a6 16. Be2 Nc6 17. a3 Rad8 18. Nd4 Qd7 19. O-O Nxd4 20. Bxd4 Qf5 21. Kh1
Ne8 22. Bg4 Qg6 23. Bh5 Qh6 24. Qg4 Bf6 25. Qe6+ Kh8 26. Bxe8 Rfxe8 27. Qb6 Bxd4
28. Qxh6 gxh6 29. exd4 Re6 30. Rce1 Rf6 31. Re3 Rdf8 32. Kg1 Kg7 33. a4 Kf7 34.
f3 Ke7 35. b5 1-0

[Event "AUTO-MASTER-2243"]
[Site "http://www.queenalice.com/game.php?id=1354645"]
[Date "2015.4.20"]
[Round "2"]
[White "carlosrk"]
[Black "GMcruz"]
[Result "1-0"]
[WhiteElo "2216"]
[BlackElo "2136"]

1. d4 Nf6 2. c4 g6 3. g3 d5 4. Bg2 Bg7 5. cxd5 Nxd5 6. e4 Nb6 7. Ne2 Nc6 8. d5
Ne5 9. Qc2 O-O 10. Bf4 Bd7 11. Nbc3 e6 12. dxe6 Bxe6 13. Rd1 Qe7 14. b3 Rad8 15.
O-O c6 16. Rxd8 Rxd8 17. Rd1 h6 18. Rxd8+ Qxd8 19. Bxe5 Bxe5 20. f4 Bd4+ 21.
Nxd4 Qxd4+ 22. Kh1 Kg7 23. Qb2 Kf6 24. Nd1 Qxb2 25. Nxb2 Ke7 26. Nd3 Nd7 27. Kg1
Kd6 28. e5+ Kc7 29. Be4 Kb6 30. Kf2 Nc5 31. Nxc5 Kxc5 32. Ke3 Kb4 33. Kd4 Ka3
34. Kc5 Kxa2 35. b4 Kb3 36. b5 cxb5 37. Kxb5 1-0

[Event "AUTO-MASTER-2243"]
[Site "http://www.queenalice.com/game.php?id=1354646"]
[Date "2015.4.20"]
[Round "2"]
[White "GMcruz"]
[Black "carlosrk"]
[Result "0-1"]
[WhiteElo "2146"]
[BlackElo "2206"]

1. e4 e5 2. Nf3 Nc6 3. Bb5 a6 4. Bxc6 dxc6 5. d4 exd4 6. Qxd4 Qxd4 7. Nxd4 Bd7
8. Nc3 Bb4 9. Bd2 c5 10. Nde2 Nf6 11. O-O-O Bc6 12. f3 O-O-O 13. a3 Ba5 14. Be3
Bxc3 15. Nxc3 b6 16. Rxd8+ Rxd8 17. Bg5 h6 18. Bxf6 gxf6 19. Rd1 Rd6 20. Rd3 c4
21. Rd2 Kd7 22. Kd1 Ke6 23. Ke2 f5 24. exf5+ Kxf5 25. Ke3 f6 26. Rf2 Re6+ 27.
Kd4 b5 28. Kc5 Bb7 29. a4 Re5+ 30. Kb4 c5+ 31. Ka5 b4 32. Ne2 Rd5 33. Kb6 Bc8
34. Ng3+ Kg6 35. Ne4 Bf5 36. Kxa6 Bxe4 0-1

[Event "Master Inv 01"]
[Site "http://www.queenalice.com/game.php?id=1355430"]
[Date "2015.4.24"]
[Round "1"]
[White "carlosrk"]
[Black "Tromat"]
[Result "0-1"]
[WhiteElo "2203"]
[BlackElo "2515"]

1. d4 d5 2. Bf4 Nf6 3. e3 c5 4. dxc5 Nc6 5. Bb5 e6 6. Bxc6+ bxc6 7. b4 a5 8. c3
Nd7 9. Nf3 Ba6 10. a4 Qf6 11. Qd4 Qg6 12. Bg3 Be7 13. Qd1 O-O 14. Nd4 axb4 15.
Nxc6 Bxc5 16. cxb4 Rfc8 17. bxc5 Rxc6 18. Nc3 Nxc5 19. Nb5 Nd3+ 20. Ke2 h5 21.
Qb3 Rac8 22. Rhd1 Rc2+ 23. Kf1 Nxf2 24. Kg1 h4 25. Nd4 hxg3 26. Nxc2 Qh5 27. h3
Nxh3+ 0-1

[Event "AUTO-ELITE-1487"]
[Site "http://www.queenalice.com/game.php?id=1355449"]
[Date "2015.4.24"]
[Round "1"]
[White "carlosrk"]
[Black "PasoDoble"]
[Result "0-1"]
[WhiteElo "2200"]
[BlackElo "2482"]

1. d4 Nf6 2. c4 g6 3. g3 Bg7 4. Bg2 O-O 5. Nc3 c5 6. d5 d6 7. Nf3 e6 8. O-O Re8
9. Bg5 exd5 10. Nxd5 Nbd7 11. Nxf6+ Nxf6 12. Bf4 Qb6 13. Qxd6 Rxe2 14. Qxb6 axb6
15. Rfd1 Nd7 16. Re1 Rxb2 17. Re8+ Nf8 18. Ne5 g5 19. Bxg5 Bxe5 20. Rxe5 Raxa2
21. Rxa2 Rxa2 22. Re8 Ra1+ 0-1

[Event "AUTO-ELITE-1487"]
[Site "http://www.queenalice.com/game.php?id=1355450"]
[Date "2015.4.24"]
[Round "1"]
[White "PasoDoble"]
[Black "carlosrk"]
[Result "1-0"]
[WhiteElo "2487"]
[BlackElo "2222"]

1. e4 e5 2. Nf3 Nc6 3. Bb5 a6 4. Bxc6 dxc6 5. O-O Bg4 6. h3 h5 7. d3 Qf6 8. Nbd2
Ne7 9. Nc4 Bxf3 10. Qxf3 Qxf3 11. gxf3 f6 12. f4 exf4 13. Bxf4 O-O-O 14. Be3 Ng6
15. f4 Bd6 16. Kh1 Ne7 17. e5 b5 18. exd6 cxd6 19. Na5 Kc7 20. Rae1 Nd5 21. Bd2
f5 22. Rg1 Rd7 23. Rg5 Rf7 24. c4 Nf6 25. Rxf5 g6 26. Rg5 Rg8 27. Re6 Kd7 28. f5
Ne8 29. Rexg6 Rxg6 30. fxg6 Rg7 31. Bc3 Rg8 32. Rxh5 Rxg6 33. Rh7+ Kc8 34. Nxc6
Nc7 35. Ne7+ 1-0

[Event "AUTO-ELITE-1487"]
[Site "http://www.queenalice.com/game.php?id=1355451"]
[Date "2015.4.24"]
[Round "1"]
[White "carlosrk"]
[Black "mathematician1961"]
[Result "0-1"]
[WhiteElo "2215"]
[BlackElo "2659"]

1. d4 d5 2. Bf4 Bf5 3. e3 e6 4. c3 Nd7 5. Bd3 Bxd3 6. Qxd3 Be7 7. Nf3 Ngf6 8.
Nbd2 c5 9. dxc5 Nxc5 10. Qb5+ Nfd7 11. b4 a6 12. Qe2 Na4 13. Nb1 Rc8 14. O-O g5
15. Bg3 h5 16. Be5 Nxe5 17. Nxe5 Qc7 18. Qc2 Qxe5 19. Qxa4+ Kf8 20. b5 axb5 21.
Qxb5 Bd6 22. g3 h4 23. Qe2 hxg3 24. fxg3 Bc5 25. Rf3 g4 26. Rf1 Bxe3+ 27. Kh1
Qe4+ 28. Qg2 Rxh2+ 0-1

[Event "AUTO-ELITE-1487"]
[Site "http://www.queenalice.com/game.php?id=1355452"]
[Date "2015.4.24"]
[Round "1"]
[White "mathematician1961"]
[Black "carlosrk"]
[Result "1-0"]
[WhiteElo "2655"]
[BlackElo "2216"]

1. Nf3 d5 2. d4 c6 3. Bf4 Bf5 4. e3 Nf6 5. c4 dxc4 6. Bxc4 e6 7. Qb3 b5 8. Be2
Nd5 9. Bxb8 Qxb8 10. Nbd2 Bb4 11. a3 Bxd2+ 12. Nxd2 a5 13. e4 Ne7 14. exf5 Nxf5
15. Nf3 Qb6 16. O-O Nxd4 17. Nxd4 Qxd4 18. Bf3 Qb6 19. Qc3 Rc8 20. Qxg7 Ke7 21.
Bh5 Rcf8 22. Bxf7 Rxf7 23. Qxh8 Qc7 24. Rfe1 Qf4 25. Rad1 Qxf2+ 26. Kh1 Rf8 27.
Qe5 Rf5 28. Qxe6+ 1-0

[Event "AUTO-OPEN-3425"]
[Site "http://www.queenalice.com/game.php?id=1360456"]
[Date "2015.5.19"]
[Round "2"]
[White "Zugswang"]
[Black "carlosrk"]
[Result "1-0"]
[WhiteElo "2237"]
[BlackElo "2214"]

1. e4 e5 2. f4 exf4 3. Bc4 Nf6 4. Nc3 c6 5. d4 Bb4 6. Qf3 d5 7. exd5 O-O 8. Ne2
cxd5 9. Bd3 Nc6 10. Bxf4 Bg4 11. Qf2 Re8 12. O-O 1-0

[Event "AUTO-OPEN-3425"]
[Site "http://www.queenalice.com/game.php?id=1360457"]
[Date "2015.5.19"]
[Round "2"]
[White "carlosrk"]
[Black "Zugswang"]
[Result "0-1"]
[WhiteElo "2218"]
[BlackElo "2214"]

1. d4 Nf6 2. Bg5 Ne4 3. h4 c5 4. d5 h6 5. Bf4 d6 6. f3 Qa5+ 7. c3 Nf6 8. e4 Nh5
9. Bh2 g5 10. g4 Nf4 11. Bxf4 gxf4 12. Na3 Bg7 13. Nc4 Qc7 14. Nh3 Be5 15. Qd2
Bd7 16. Nxf4 Bxf4 17. Qxf4 f6 18. Ne3 Na6 19. Bxa6 bxa6 20. Nf5 Qb6 21. O-O-O
Rb8 22. Rh2 Bxf5 23. Qxf5 a5 24. Qg6+ Kd8 25. Qg7 Kd7 26. Qf7 Rbe8 27. Qe6+ Kc7
28. Rdh1 a4 29. g5 hxg5 30. hxg5 Rxh2 31. Rxh2 fxg5 32. Rh7 Kd8 33. Rg7 c4 34.
Qh3 Qg1+ 35. Kc2 Qf2+ 36. Kc1 Qe1+ 37. Kc2 Qe2+ 38. Kc1 Rf8 39. Qe6 Qe3+ 40. Kc2
Qe2+ 41. Kc1 Qe1+ 42. Kc2 Qe2+ 43. Kc1 Re8 0-1

[Event "AUTO-OPEN-3425"]
[Site "http://www.queenalice.com/game.php?id=1360462"]
[Date "2015.5.19"]
[Round "2"]
[White "carlosrk"]
[Black "sia"]
[Result "0-1"]
[WhiteElo "2184"]
[BlackElo "2147"]

1. d4 d5 2. Bf4 Nc6 3. e3 e6 4. Bb5 a6 5. Bxc6+ bxc6 6. a3 Bd6 7. Bg3 Bxg3 8.
hxg3 Nf6 9. f3 O-O 10. g4 h6 11. f4 Ne4 12. Qf3 Bb7 13. Qh3 c5 14. g5 Nxg5 15.
fxg5 Qxg5 16. dxc5 d4 17. Rh2 dxe3 18. Nc3 Qxc5 19. Nge2 Rad8 20. Qg3 Qg5 21.
Qxg5 hxg5 22. Rd1 f5 23. Nd4 Rd6 24. Ke2 f4 25. Nf3 g4 26. Ne5 g3 27. Rh4 Rxd1
28. Nxd1 Bxg2 29. Nf3 Bxf3+ 30. Kxf3 e5 31. Nc3 Rd8 32. Ne4 Rd1 33. Rg4 Kf7 34.
Ke2 Rc1 35. c3 Rc2+ 36. Ke1 Rxb2 37. c4 g2 0-1

[Event "AUTO-OPEN-3425"]
[Site "http://www.queenalice.com/game.php?id=1360463"]
[Date "2015.5.19"]
[Round "2"]
[White "sia"]
[Black "carlosrk"]
[Result "1/2-1/2"]
[WhiteElo "2126"]
[BlackElo "2171"]

1. g3 c5 2. d3 d5 3. Nf3 Nc6 4. Bg2 Nf6 5. b3 e5 6. Bb2 Bd6 7. O-O O-O 8. Nbd2
Bf5 9. Nh4 Bg4 10. f3 Bh5 11. g4 Bg6 12. Nxg6 fxg6 13. c4 e4 14. Bxf6 Qxf6 15.
cxd5 Qh4 16. h3 Qg3 17. Nxe4 Qh2+ 18. Kf2 Nd4 19. Rh1 Qe5 20. e3 Nb5 21. f4 Qe7
22. Nxd6 Qxd6 23. Kg3 g5 24. Rf1 gxf4+ 25. exf4 g5 26. Qd2 Nd4 27. Rae1 Rf7 28.
Be4 Raf8 29. Rf2 gxf4+ 30. Kg2 f3+ 31. Kf1 Qg3 32. Qh6 Ne2 33. Rfxe2 fxe2+ 34.
Kxe2 Qf2+ 35. Kd1 Qxa2 36. Bf5 Qxb3+ 37. Kd2 c4 38. Bxh7+ Rxh7 39. Qe6+ Rff7 40.
Qg6+ Rhg7 41. Re8+ Rf8 42. Qe6+ Kh7 43. Qe4+ Kg8 44. Qe6+ Kh7 1/2-1/2

[Event "AUTO-ADV-3347"]
[Site "http://www.queenalice.com/game.php?id=1385105"]
[Date "2015.9.24"]
[Round "2"]
[White "carlosrk"]
[Black "chessman"]
[Result "0-1"]
[WhiteElo "2170"]
[BlackElo "1943"]

1. d4 d5 2. Bf4 c5 3. dxc5 e6 4. e3 Bxc5 5. c3 Qb6 6. Qb3 Nf6 7. Qxb6 Bxb6 8.
Bd3 O-O 9. Nf3 Nc6 10. Nbd2 Re8 11. Bg5 h6 12. Bxf6 gxf6 13. O-O Kg7 14. Nd4 e5
15. Nxc6 bxc6 16. Kh1 d4 17. cxd4 exd4 18. e4 Be6 19. f4 c5 20. f5 c4 21. Nxc4
Bxc4 22. Bxc4 Rxe4 23. Rae1 Rae8 24. Rxe4 Rxe4 25. Bd3 Re3 26. Rd1 h5 27. Kg1
Kh6 28. h4 Ba5 29. Kf2 Bb6 30. a3 Re7 31. Rd2 Re3 32. Re2 Rxd3 33. Ke1 Re3 34.
Rxe3 dxe3 35. Ke2 Kg7 36. Kd3 Bc7 37. Kxe3 Bg3 38. b4 Kf8 39. Kd4 Ke7 40. Kc5
Kd7 41. Kb5 Bxh4 42. Ka6 Bf2 43. b5 Kd6 44. a4 Ke5 0-1

[Event "AUTO-ADV-3347"]
[Site "http://www.queenalice.com/game.php?id=1385106"]
[Date "2015.9.24"]
[Round "2"]
[White "chessman"]
[Black "carlosrk"]
[Result "1-0"]
[WhiteElo "1954"]
[BlackElo "2204"]

1. e4 c5 2. Nf3 Nc6 3. Bb5 d6 4. O-O e5 5. c3 Bd7 6. d4 cxd4 7. cxd4 exd4 8.
Nxd4 Nxd4 9. Bxd7+ Qxd7 10. Qxd4 Qe6 11. Nc3 Nf6 12. Nd5 Nxd5 13. exd5 Qd7 14.
Re1+ Kd8 15. Bg5+ Kc8 16. Rac1+ Kb8 17. Qg4 f5 18. Qxf5 1-0

[Event "AUTO-ADV-3347"]
[Site "http://www.queenalice.com/game.php?id=1385107"]
[Date "2015.9.24"]
[Round "2"]
[White "carlosrk"]
[Black "mascarade"]
[Result "0-1"]
[WhiteElo "2245"]
[BlackElo "1938"]

1. d4 g6 2. Nf3 Bg7 3. c3 Nf6 4. Bf4 d5 5. e3 Nh5 6. Bg3 Nxg3 7. hxg3 c6 8. Qb3
O-O 9. Bd3 b6 10. Ng5 h6 11. Nf3 a5 12. Qc2 Ba6 13. Ne5 Bxd3 14. Nxd3 Qe8 15.
Nd2 Nd7 16. O-O-O c5 0-1

[Event "AUTO-ADV-3347"]
[Site "http://www.queenalice.com/game.php?id=1385108"]
[Date "2015.9.24"]
[Round "2"]
[White "mascarade"]
[Black "carlosrk"]
[Result "1-0"]
[WhiteElo "1966"]
[BlackElo "2224"]

1. Nf3 Nc6 2. g3 d5 3. Bg2 Bf5 4. d3 e6 5. Nh4 Bg6 6. Nxg6 hxg6 7. Nc3 Bb4 8.
Bd2 a6 9. a3 Bc5 10. O-O Qf6 11. e3 g5 12. d4 Bd6 13. b4 Qh6 14. h3 f5 15. e4
dxe4 16. h4 1-0

[Event "Master Inv 01"]
[Site "http://www.queenalice.com/game.php?id=1393388"]
[Date "2015.11.10"]
[Round "2"]
[White "Delbo"]
[Black "carlosrk"]
[Result "1-0"]
[WhiteElo "2194"]
[BlackElo "2151"]

1. Nf3 Nc6 2. g3 d5 3. Bg2 Bf5 4. O-O e6 5. d4 Nf6 6. Nc3 h6 7. Re1 Bb4 8. Bd2
Bxc3 9. Bxc3 O-O 10. Qd2 Re8 11. Nh4 Bh7 12. Nf3 Ne4 13. Qc1 Qf6 14. Qe3 Ne7 15.
Ne5 Nf5 16. Qc1 Nxc3 17. bxc3 Nd6 18. Qd2 Ne4 19. Bxe4 Bxe4 20. f3 Bf5 21. Rab1
Qe7 22. e4 Bh7 23. Rxb7 f6 24. Nd3 Reb8 25. Nc5 dxe4 26. Rxb8+ Rxb8 27. fxe4 c6
28. a4 Rd8 29. a5 e5 30. Qd3 Rb8 31. Qc4+ Kh8 32. Nd3 Qd7 33. dxe5 fxe5 34. Nxe5
1-0

[Event "Master Inv 01"]
[Site "http://www.queenalice.com/game.php?id=1408351"]
[Date "2016.2.9"]
[Round "3"]
[White "carlosrk"]
[Black "Henderb"]
[Result "0-1"]
[WhiteElo "2140"]
[BlackElo "2244"]

1. d4 Nf6 2. c4 e6 3. Nc3 Bb4 4. Qb3 c5 5. dxc5 Na6 6. a3 Ba5 7. Bg5 h6 8. Bd2
Nxc5 9. Qc2 Bxc3 10. Bxc3 b6 11. f3 Bb7 12. b4 Na6 13. e4 O-O 14. Rd1 Qe7 15.
Bxf6 gxf6 16. Qd2 Kg7 17. Qxd7 Rfe8 18. Qxe7 Rxe7 19. Be2 Nc7 20. Kf2 e5 21. Nh3
Ne6 0-1